000 00653pam a2200217 a 4500
001 4452865
005 20251105173739.0
008 950807s1996 njua 001 0 eng
020 _a0131992759
020 _a9780131992757
050 0 0 _aT11
_b.B66 1996
082 0 0 _a808/.0666
_220
100 1 _aBorowick, Jerome N.
245 1 0 _aTechnical communication and its applications /
_cJerome N. Borowick.
260 _aEnglewood Cliffs, N.J. :
_bPrentice Hall,
_cc1996.
300 _axv, 425 p. :
_bill. ;
_c24 cm.
500 _aIncludes index.
650 0 _aTechnical writing.
650 0 _aCommunication of technical information.
942 _2lcc
_cBK
_n0
999 _c8098
_d8098